00665cam a22002053a 45000010005000000030006000050050017000110080041000280400015000690420007000840500007000911000037000982450136001352600029002715060030003005160020003306530040003508300028003908560041004186579PGUSA20140828083134.0040901s2004||||xxu|||||s|||||000 | eng d aPGUSAbeng adc 4aHQ1 aGray, Arthur Herbert,d1868-195610aMen, Women, and God :bA Discussion of Sex Questions from the Christian Point of Viewh[electronic resource] /cArthur Herbert Gray bProject Gutenberg,c2004 aPublic domain in the USA. aElectronic text aSexual ethics -- Early 20th century 0aProject Gutenbergv657940uhttp://www.gutenberg.org/ebooks/6579